000 01848nas a2200277Ia 4500
001 R530-R8198
003 IT-CnALBA
008 170116c99999999xx |||||||||||| ||und||
040 _aIT-CnALBA
_cIT-CnALBA
041 _aITALIANO
100 _aBRAY A.
210 _aGIORNALE DI FISICA DELLA SOCIETÀ ITALIANA DI FISICA
222 _aGIORNALE DI FISICA DELLA SOCIETÀ ITALIANA DI FISICA
245 0 _aGIORNALE DI FISICA DELLA SOCIETÀ ITALIANA DI FISICA. OTTOBRE DICEMBRE 1969.
250 _a1a ed.
260 _aBOLOGNA
_bCOMPOSITORI EDITRICE
_c1969 [1° Ed.:1969 - Ed.Ling.Originale: 1969]
300 _a80 p.
310 _aTRIMESTRALE
362 _aFascicolo: 4 / Anno: 10 (1969)
500 _aARRI E. COTTALASSO B. PANI P. SEBASTIANI F. GOZZINI A. FUCHS W. R. TRIKER R. AGGIORNAMENTO SUL SISTEMA. INTERNAZIONALE DI UNITÀ DI MISURA. MATERIA E ANTIMATERIA. CONFRONTI INTERNAZIONALI TRA UNITÀ NAZIONALI DI CAPACITÀ ELETTRICA. ATTRITO MOTORINO ELETTRICO. ESPERIENZE SUL SECONDO PRINCIPIO DELLA DINAMICA. FORMAZIONE MATEMATICA DEL SECONDO PRINCIPIO DELLA TERMODINAMICA. CONGRESSO EDUCAZIONE INSEGNANTI DI FISICA. FISICA MODERNA ILLUSTRATA. LETTERA DEL PROF. CORTINI.
501 _aSocietà San Paolo EM - Piazza San Paolo, 14 - 12051 ALBA (CN) (non commercial uses only) ® Copyright 2017
520 _aARRI E. COTTALASSO B. PANI P. SEBASTIANI F. GOZZINI A. FUCHS W. R. TRIKER R. AGGIORNAMENTO SUL SISTEMA. INTERNAZIONALE DI UNITÀ DI MISURA. MATERIA E ANTIMATERIA. CONFRONTI INTERNAZIONALI TRA UNITÀ NAZIONALI DI CAPACITÀ ELETTRICA. ATTRITO MOTORINO ELETTRICO. ESPERIENZE SUL SECONDO PRINCIPIO DELLA DINAMICA. FORMAZIONE MATEMATICA DEL SECONDO PRINCIPIO DELLA TERMODINAMICA. CONGRESSO EDUCAZIONE INSEGNANTI DI FISICA. FISICA MODERNA ILLUSTRATA. LETTERA DEL PROF. CORTINI.
650 _aFISICA
942 _cCR
957 _71
999 _a59765
_bNO
_g1
_c326792
_d326792